Systém finančného riadenia pomoci z kohézneho a štrukturálnych fondov v programovom období 2007 - 2013 v Slovenskej republike

Charakteristika systému finančného riadenia pomoci z fondov Európskej únie. Inštitucionálna štruktúra finančného riadenia pomoci EÚ v Slovenskej republike. Financovanie zo štrukturálnych fondov a kohézneho fondu. Jednotlivé ciele kohéznej politiky financované prostredníctvom 11 operačných programov.

Gespeichert in:
Bibliographische Detailangaben
1. Verfasser: Čiernik, Anton
Weitere Verfasser: Šabíková, Ingrid
Format: Buchkapitel
Sprache:Slowakisch
Schlagworte:
Tags: Tag hinzufügen
Keine Tags, Fügen Sie das erste Tag hinzu!

MARC

LEADER 00000nla a2200000 4500
001 0164712
005 20240506113421.6
041 0 |a slo 
044 |a SK 
245 1 0 |a Systém finančného riadenia pomoci z kohézneho a štrukturálnych fondov v programovom období 2007 - 2013 v Slovenskej republike  |c Anton Čiernik, Ingrid Šabíková 
520 |a Charakteristika systému finančného riadenia pomoci z fondov Európskej únie. Inštitucionálna štruktúra finančného riadenia pomoci EÚ v Slovenskej republike. Financovanie zo štrukturálnych fondov a kohézneho fondu. Jednotlivé ciele kohéznej politiky financované prostredníctvom 11 operačných programov. 
610 2 0 |a fondy Európskej únie 
610 2 0 |a fondy štruktúrne 
610 2 0 |a fond kohézny 
610 2 0 |a politika kohézna 
610 2 0 |a pomoc finančná 
610 2 0 |a Európska únia 
610 2 0 |a Slovensko 
100 1 |a Čiernik, Anton 
700 1 |a Šabíková, Ingrid